000 01613nam2a22003011 4500
001 rc\3954776
005 20250611034842.0
021 _aRU
_b[58-58447]
035 _a(NLR Aleph) 008046763
090 _a8916018
_c8916018
100 _a20130415d1958 |||y0rusy50 ca
101 0 _arus
102 _aRU
105 _ay z |||||
200 1 _aЕстествознание
_f[Сост.: Г.Н. Белавенцева, Г.П. Богатова, С.С. Левина и др.]
210 _d1958
_aБ. м.
215 _a77 с. на 17 отд. л. в обертке
_d17х10
461 0 _1001rc\3954765
_12001#$aВ помощь читателю$eАннотир. планы чтения$eВып. 1-$fМ-во культуры РСФСР. Гос. ордена Ленина б-ка СССР им. В.И. Ленина$vВып. 11
_98915952
_cМосква
_d1955-
_fМ-во культуры РСФСР. Гос. ордена Ленина б-ка СССР им. В.И. Ленина
_nБ. и.
_oАннотир. планы чтения : Вып. 1-
_tВ помощь читателю
_vВып. 11
606 _aЕстествознание
_jБиблиография (вып. 11)
_2psbo
702 1 _aБогатова
_bГ.П.
_4220
702 1 _aБелавенцева
_bГ.Н.
_gГалина Николаевна
_4220
702 1 _4220
_7ca
_8rus
_aЛевина
_bС. С.
_cканд. пед. наук, библиограф
_gСуламифь Соломоновна
_9243720
_3RU\NLR\AUTH\770243776
801 0 _aRU
_bNLR
_gpsbo
801 1 _aRU
_bELAR
_2rusmarc
852 _aNLR
_jБ Б593/В115
942 _cBOOK
980 _aNB